<?xml version="1.0" encoding="UTF-8"?>
<record
    xmlns:xsi="http://www.w3.org/2001/XMLSchema-instance"
    xsi:schemaLocation="http://www.loc.gov/MARC21/slim http://www.loc.gov/standards/marcxml/schema/MARC21slim.xsd"
    xmlns="http://www.loc.gov/MARC21/slim">

  <leader>01574nam a22002057a 4500</leader>
  <controlfield tag="003">OSt</controlfield>
  <controlfield tag="005">20231222114432.0</controlfield>
  <controlfield tag="008">231220s2008    ag ||||| |||| 00| 1 spa d</controlfield>
  <datafield tag="020" ind1=" " ind2=" ">
    <subfield code="a">9789875802575</subfield>
  </datafield>
  <datafield tag="040" ind1=" " ind2=" ">
    <subfield code="c">besoc</subfield>
  </datafield>
  <datafield tag="100" ind1="1" ind2=" ">
    <subfield code="a">Sheldon, Sidney, </subfield>
    <subfield code="e">autor</subfield>
    <subfield code="d">1917-2007</subfield>
  </datafield>
  <datafield tag="245" ind1="1" ind2="1">
    <subfield code="a">&#xBF;Tienes miedo a la oscuridad? /</subfield>
    <subfield code="c">Sidney Sheldon ; traductor Julio Sierra</subfield>
  </datafield>
  <datafield tag="260" ind1=" " ind2=" ">
    <subfield code="a">Buenos Aires :</subfield>
    <subfield code="b">Booket,</subfield>
    <subfield code="c">2008</subfield>
  </datafield>
  <datafield tag="300" ind1=" " ind2=" ">
    <subfield code="a">338 p.</subfield>
  </datafield>
  <datafield tag="490" ind1="0" ind2=" ">
    <subfield code="a">Biblioteca Sidney Sheldon</subfield>
  </datafield>
  <datafield tag="520" ind1=" " ind2=" ">
    <subfield code="a">En Berl&#xED;n, una mujer es secuestrada en plena calle; en Par&#xED;s, un hombre se tira desde la Torre Eiffel; en Denver, un peque&#xF1;o avi&#xF3;n choca contra una monta&#xF1;a y en Nueva York, el East River arroja un cad&#xE1;ver a la playa. Kelly Harris y Diane Stevens -ambas j&#xF3;venes viudas de dos de los asesinados- se encuentran en Nueva York, donde Tanner Kingsley, el jefe de KIG, les asegura que est&#xE1; poniendo todo su esfuerzo en averiguar qui&#xE9;n los mat&#xF3;. Puede que sea tarde, porque ahora alguien est&#xE1; tratando de matarlas a ellas. &#xBF;Qui&#xE9;n y por qu&#xE9;? Forzadas a estar unidas para protegerse, tratan de encontrar una respuesta mientras participan de un espeluznante juego del gato y el rat&#xF3;n contra fuerzas desconocidas que quieren aniquilarlas. Tensa, electrizante, perturbadora, la esperada nueva novela de Sidney Sheldon muestra al autor de &#xE9;xitos inolvidables en plena posesi&#xF3;n de sus recursos para crear thrillers que mantienen en vilo al lector hasta la &#xFA;ltima p&#xE1;gina.</subfield>
  </datafield>
  <datafield tag="650" ind1=" " ind2="4">
    <subfield code="a">Literatura norteamericana</subfield>
    <subfield code="v">Novela</subfield>
    <subfield code="y">Siglo XX</subfield>
  </datafield>
  <datafield tag="700" ind1="1" ind2=" ">
    <subfield code="a">Sierra, Julio </subfield>
    <subfield code="e">traductor</subfield>
  </datafield>
  <datafield tag="942" ind1=" " ind2=" ">
    <subfield code="2">udc</subfield>
    <subfield code="c">OG</subfield>
    <subfield code="n">0</subfield>
  </datafield>
  <datafield tag="999" ind1=" " ind2=" ">
    <subfield code="c">166</subfield>
    <subfield code="d">166</subfield>
  </datafield>
  <datafield tag="952" ind1=" " ind2=" ">
    <subfield code="0">0</subfield>
    <subfield code="1">0</subfield>
    <subfield code="2">udc</subfield>
    <subfield code="4">0</subfield>
    <subfield code="7">0</subfield>
    <subfield code="8">CG</subfield>
    <subfield code="a">ESOCIALES</subfield>
    <subfield code="b">ESOCIALES</subfield>
    <subfield code="d">2023-12-22</subfield>
    <subfield code="l">0</subfield>
    <subfield code="o">82-31(73) SH544</subfield>
    <subfield code="p">000953</subfield>
    <subfield code="r">2023-12-22 00:00:00</subfield>
    <subfield code="w">2023-12-22</subfield>
    <subfield code="y">OG</subfield>
  </datafield>
</record>
